Survey on effect of drugs for treatment transmissible gastroenteritis disease on dogs at animal clinic phonm penh depatment of agriculture, (ការអង្កេតអំពីប្រសិទ្ធភាពឱសថក្នុងការព្យាបាលជំងឺរលាកក្រពះពោះវៀនលើពូជសុនខ នៅគ្លីនិកបសុព្យាបាល នៃមន្ទីកសិកម្មរាជធានីភ្នំពេញ) (Record no. 2348)

000 -LEADER
fixed length control field 00852nam a22001337a 4500
040 ## - CATALOGING SOURCE
Transcribing agency RUA
082 ## - DEWEY DECIMAL CLASSIFICATION NUMBER
Classification number AVM KHO 2009 B088 Or.1
100 ## - MAIN ENTRY--AUTHOR NAME
Personal name KHOUM SOKCHEA
245 ## - TITLE STATEMENT
Title Survey on effect of drugs for treatment transmissible gastroenteritis disease on dogs at animal clinic phonm penh depatment of agriculture, (ការអង្កេតអំពីប្រសិទ្ធភាពឱសថក្នុងការព្យាបាលជំងឺរលាកក្រពះពោះវៀនលើពូជសុនខ នៅគ្លីនិកបសុព្យាបាល នៃមន្ទីកសិកម្មរាជធានីភ្នំពេញ)
260 ## - PUBLICATION, DISTRIBUTION, ETC. (IMPRINT)
Place of publication phnom penh
Name of publisher rua
Year of publication 2009
300 ## - PHYSICAL DESCRIPTION
Number of Pages ix, 30p.
Other physical details ill.
Dimensions 29cm.
856 ## - ELECTRONIC LOCATION AND ACCESS
Uniform Resource Identifier https://drive.google.com/file/d/1MxAy9BhFxb4u1ZU4Ns0kXot1NW2qvixa/view?usp=sharing
942 ## - ADDED ENTRY ELEMENTS (KOHA)
Koha item type AVM
952 ## - LOCATION AND ITEM INFORMATION (KOHA)
Withdrawn status [LOCAL, KOHA] 0
952 ## - LOCATION AND ITEM INFORMATION (KOHA)
Withdrawn status [LOCAL, KOHA] 0
952 ## - LOCATION AND ITEM INFORMATION (KOHA)
Withdrawn status [LOCAL, KOHA] 0
952 ## - LOCATION AND ITEM INFORMATION (KOHA)
Withdrawn status [LOCAL, KOHA] 0
952 ## - LOCATION AND ITEM INFORMATION (KOHA)
Withdrawn status [LOCAL, KOHA] 0
952 ## - LOCATION AND ITEM INFORMATION (KOHA)
Withdrawn status [LOCAL, KOHA] 0
952 ## - LOCATION AND ITEM INFORMATION (KOHA)
Withdrawn status [LOCAL, KOHA] 0
952 ## - LOCATION AND ITEM INFORMATION (KOHA)
Withdrawn status [LOCAL, KOHA] 0
952 ## - LOCATION AND ITEM INFORMATION (KOHA)
Withdrawn status [LOCAL, KOHA] 0
952 ## - LOCATION AND ITEM INFORMATION (KOHA)
Withdrawn status [LOCAL, KOHA] 0
Holdings
Permanent Location Date acquired Koha item type Lost status Shelving location Barcode Current Location Full call number
Library Block B2015-10-20AVM B088RUA028504Library Block BAVM KHO 2009 B088 Or.1
Library Block B2015-10-20AVM B088RUA016211Library Block BAVM KHO 2009 B088 Or.2
Library Block B2015-10-20AVM B088RUA016067Library Block BAVM KHO 2009 B088 Or.3
Library Block B2015-10-20AVM B088RUA015923Library Block BAVM KHO 2009 B088 Or.4
Library Block B2015-10-20AVM B088RUA016139Library Block BAVM KHO 2009 B088 Or.5
Library Block B2015-10-20AVM B088RUA007689Library Block BAVM KHO 2009 B088 Or.6
Library Block B2015-10-20AVM B088RUA006498Library Block BAVM KHO 2009 B088 Or.7
Library Block B2015-10-20AVM B088RUA006285Library Block BAVM KHO 2009 B088 Or.8
Library Block B2015-10-28AVM B088RUA009199Library Block BAVM KHO 2009 B088 Or.9
Library Block B2016-02-03AVM B088RUA049834Library Block BAVM KHO 2009 B088 Or.10
មជ្ឈមណ្ឌលឯការនៃសាកលវិទ្យាល័យភូមិន្ទកសិកម្មចំការដូង

Powered by Koha